Vývoj bankovního sektoru ČR
Vývoj objemu a štruktúry bankových vkladov, úverovej emisie, úrokových sadzieb, charakteru aktív a pasív a vývoj hospodárskeho výsledku bankového sektora.
Salvato in:
| Autore principale: | |
|---|---|
| Natura: | Capitolo di libro |
| Lingua: | ceco |
| Soggetti: | |
| Tags: |
Nessun Tag, puoi essere il primo ad aggiungerne!!
|
MARC
| LEADER | 00000naa a2200000 4500 | ||
|---|---|---|---|
| 001 | r037166 | ||
| 005 | 20230929094416.9 | ||
| 041 | 0 | |a cze | |
| 044 | |a CZ | ||
| 245 | 1 | 0 | |a Vývoj bankovního sektoru ČR |c Slavoj Czesaný |
| 520 | |a Vývoj objemu a štruktúry bankových vkladov, úverovej emisie, úrokových sadzieb, charakteru aktív a pasív a vývoj hospodárskeho výsledku bankového sektora. | ||
| 610 | 2 | 0 | |a bankovníctvo |
| 610 | 2 | 0 | |a Česko |
| 610 | 2 | 0 | |a vklady |
| 610 | 2 | 0 | |a sadzby úrokové |
| 610 | 2 | 0 | |a úver bankový |
| 610 | 2 | 0 | |a aktíva |
| 610 | 2 | 0 | |a pasíva |
| 610 | 2 | 0 | |a výkonnosť |
| 610 | 2 | 0 | |a výsledok hospodársky |
| 100 | 1 | |a Czesaný, Slavoj | |